000 00411nam a22001577a 4500
005 20260219105153.0
008 260219b |||||||| |||| 00| 0 eng d
020 _a9788119677269
050 _aTA545
_b.S87
100 _aDSOUZA, ADLER
245 _aSURVEYING
260 _aNEW-DELHI
_bDISCOVERY PUBLISHING HOUSE
_c2024
300 _aVII, 236p.
_bill
650 _aSURVEYING
_vQUANTITY AND SURVEYING
942 _cBK
999 _c4549
_d4549